00895nam a2200217 a 450000100100000000500170001000800410002702000180006804000250008604100130011108200150012410000360013924501450017524600600032026000420038030000310042250000570045370000310051095201210054199900150066200000371220200929150536.0090713s2007 dr c 000 0 spa d a9788461172252 aDO-SdBNPbspacBNPHU17aspa2eng axxxbC823g1 aCorrales, Raúl,d1925-91132310aGirón. los días de una gloriosa batalla = Giron. the glorious days of the bay of pigs batttle /cRaul Corrales; edición Carlos Torres.11aGirón. the glorious days of the bay of pigs batttle / aValencia :bEdiciones Aurelia,c2007. a115 p. :bretrs. ;c30 cm. aIncluye datos biográficos del autor en las solapas1 aTorres, Carloseed.911324 001052708PDaGRbGRcCTd2009-07-13iLF1l0oxxx C823gp3712-10r2020-06-25w2020-06-25yLFPDZPréstamo interno c3534d3534